[Event "RE-2017-0-00190"]
[Site "LSS email"]
[Date "2017.08.06"]
[Round "?"]
[White "Pech, Matej"]
[Black "Bascetta, Biagio"]
[Result "1-0"]
[WhiteElo "1596"]
[BlackElo "1463"]
[PlyCount "39"]
[EventDate "2017.05.12"]
[EventType "tourn (corr)"]
[EventRounds "6"]
[EventCountry "GER"]
[SourceTitle "Corr 2022"]
[Source "ChessBase"]
[SourceDate "2021.10.24"]
[SourceVersion "1"]
[SourceVersionDate "2021.10.24"]
[SourceQuality "1"]

1. d4 f5 2. c4 Nf6 3. g3 e6 4. Bg2 Bb4+ 5. Bd2 Bxd2+ 6. Qxd2 d5 7. cxd5 exd5 8. e3 0-0 9. Ne2 c6 10. Qc2 Ne4 11. Nbc3 Qe7 12. 0-0 Nd7 13. Nf4 g5 14. Nd3 b6 15. Rfe1 Nxc3 16. Qxc3 Bb7 17. f3 c5 18. dxc5 bxc5 19. f4 g4 20. Qb3 1-0

[Event "SE-2017-0-00252"]
[Site "LSS email"]
[Date "2017.07.06"]
[Round "?"]
[White "Pech, Stepan"]
[Black "Bascetta, Biagio"]
[Result "1-0"]
[WhiteElo "1663"]
[BlackElo "1463"]
[PlyCount "23"]
[EventDate "2017.03.25"]
[EventType "tourn (corr)"]
[EventRounds "6"]
[EventCountry "GER"]
[SourceTitle "Corr 2022"]
[Source "ChessBase"]
[SourceDate "2021.10.24"]
[SourceVersion "1"]
[SourceVersionDate "2021.10.24"]
[SourceQuality "1"]

1. e4 Nc6 2. d4 e5 3. dxe5 Nxe5 4. f4 Ng6 5. Nc3 Bb4 6. Nge2 Nf6 7. Qd3 0-0 8. e5 Ne8 9. Be3 c6 10. h4 Nxh4 11. a3 Be7 12. f5 1-0

[Event "ZL-2017-0-02010"]
[Site "LSS email"]
[Date "2017.06.18"]
[Round "?"]
[White "Raines, David T"]
[Black "Bascetta, Biagio"]
[Result "0-1"]
[WhiteElo "1282"]
[BlackElo "1423"]
[PlyCount "68"]
[EventDate "2017.06.04"]
[EventType "match (corr)"]
[EventRounds "2"]
[EventCountry "GER"]
[SourceTitle "Corr 2022"]
[Source "ChessBase"]
[SourceDate "2021.10.24"]
[SourceVersion "1"]
[SourceVersionDate "2021.10.24"]
[SourceQuality "1"]

1. d4 Nf6 2. Nf3 d6 3. Bg5 g6 4. Nc3 Bg7 5. Bxf6 Bxf6 6. e4 0-0 7. h4 Bg4 8. Be2 Nd7 9. Qd2 c5 10. dxc5 Bxc3 11. Qxc3 Nxc5 12. Qe3 Qa5+ 13. c3 Nb3 14. Rd1 Qxa2 15. Ng5 Bxe2 16. Qxe2 h6 17. Nf3 a5 18. h5 g5 19. Nd4 Nxd4 20. cxd4 Qb3 21. 0-0 Rfc8 22. Rd2 Kf8 23. f4 gxf4 24. Rxf4 Rc1+ 25. Kh2 Rac8 26. Rf3 Qe6 27. Qf2 Ke8 28. Re2 Qg4 29. Rh3 R1c4 30. Rh4 Qg5 31. Rh3 a4 32. e5 d5 33. Rh4 Rc2 34. g3 Qc1 0-1

[Event "OP-2017-0-04358"]
[Site "LSS email"]
[Date "2017.06.02"]
[Round "?"]
[White "Tolnai, Rudolf"]
[Black "Bascetta, Biagio"]
[Result "0-1"]
[WhiteElo "853"]
[BlackElo "1463"]
[PlyCount "36"]
[EventDate "2017.05.24"]
[EventType "tourn (corr)"]
[EventRounds "4"]
[EventCountry "GER"]
[SourceTitle "Corr 2022"]
[Source "ChessBase"]
[SourceDate "2021.10.24"]
[SourceVersion "1"]
[SourceVersionDate "2021.10.24"]
[SourceQuality "1"]

1. e4 c5 2. Bc4 e6 3. a3 a6 4. d3 d5 5. exd5 exd5 6. Ba2 Nf6 7. Bg5 Be7 8. h3 0-0 9. Nf3 Nc6 10. c3 Qb6 11. Qc2 Bf5 12. 0-0 c4 13. Be3 Bc5 14. Bxc5 Qxc5 15. Qd2 Bxd3 16. Rd1 Rae8 17. b3 Re2 18. Qf4 Qxf2+ 0-1

[Event "RE-2017-0-00187"]
[Site "LSS email"]
[Date "2017.05.29"]
[Round "?"]
[White "Bascetta, Biagio"]
[Black "Obrien, Glenn"]
[Result "1-0"]
[WhiteElo "1463"]
[BlackElo "1379"]
[PlyCount "65"]
[EventDate "2017.02.13"]
[EventType "tourn (corr)"]
[EventRounds "6"]
[EventCountry "GER"]
[SourceTitle "Corr 2022"]
[Source "ChessBase"]
[SourceDate "2021.10.24"]
[SourceVersion "1"]
[SourceVersionDate "2021.10.24"]
[SourceQuality "1"]

1. e4 e5 2. f4 exf4 3. Nf3 g5 4. h4 g4 5. Ne5 Nf6 6. Bc4 d5 7. exd5 Bd6 8. d4 Nh5 9. Bb5+ c6 10. dxc6 bxc6 11. Nxc6 Nxc6 12. Bxc6+ Bd7 13. Bxd7+ Qxd7 14. 0-0 0-0 15. Nc3 Ng3 16. Rxf4 Bxf4 17. Bxf4 Nh5 18. Qd2 Rfe8 19. Rd1 Qd8 20. Qf2 Nxf4 21. Qxf4 Qxh4 22. Ne4 Reb8 23. g3 Qh3 24. Qg5+ Kf8 25. Rf1 Rb7 26. Qd5 Rab8 27. Qd6+ Kg8 28. Nf6+ Kg7 29. Rf5 h6 30. Nh5+ Kh7 31. Qe5 Rg8 32. Qe4 Kh8 33. Qxb7 1-0

[Event "SD-2016-0-00252"]
[Site "LSS email"]
[Date "2016.02.28"]
[Round "?"]
[White "Bascetta, Biagio"]
[Black "Linart, Ludvik"]
[Result "0-1"]
[WhiteElo "1655"]
[BlackElo "1623"]
[PlyCount "44"]
[EventDate "2016.01.17"]
[EventType "tourn (corr)"]
[EventRounds "6"]
[EventCountry "GER"]
[SourceTitle "Corr 2022"]
[Source "ChessBase"]
[SourceDate "2021.10.24"]
[SourceVersion "1"]
[SourceVersionDate "2021.10.24"]
[SourceQuality "1"]

1. d4 d5 2. c4 e6 3. Nc3 Nf6 4. cxd5 exd5 5. Bg5 c6 6. e3 Be7 7. Nf3 h6 8. Bh4 Bf5 9. Qb3 Qb6 10. Qxb6 axb6 11. Be2 b5 12. 0-0 b4 13. Nd1 Nbd7 14. Bg3 Ne4 15. b3 Ra3 16. Nb2 Nc3 17. Rfe1 Nxa2 18. Bd3 Bxd3 19. Nxd3 0-0 20. Re2 Nc3 21. Rxa3 bxa3 22. Nc1 Nxe2+ 0-1

[Event "SD-2016-0-00251"]
[Site "LSS email"]
[Date "2016.02.09"]
[Round "?"]
[White "Glowinski, Daniel"]
[Black "Bascetta, Biagio"]
[Result "1-0"]
[WhiteElo "1453"]
[BlackElo "1655"]
[PlyCount "29"]
[EventDate "2016.01.05"]
[EventType "tourn (corr)"]
[EventRounds "6"]
[EventCountry "GER"]
[SourceTitle "Corr 2022"]
[Source "ChessBase"]
[SourceDate "2021.10.24"]
[SourceVersion "1"]
[SourceVersionDate "2021.10.24"]
[SourceQuality "1"]

1. e4 Nf6 2. e5 Nd5 3. d4 d6 4. f4 g6 5. c4 Nb6 6. Nc3 Bg7 7. Be2 0-0 8. Nf3 Bg4 9. 0-0 d5 10. c5 Nc8 11. Qb3 b6 12. Qxd5 Qxd5 13. Nxd5 Nd7 14. Nxc7 Rb8 15. c6 1-0

[Event "SD-2016-0-00249"]
[Site "LSS email"]
[Date "2016.01.21"]
[Round "?"]
[White "Metz, Larry R"]
[Black "Bascetta, Biagio"]
[Result "1-0"]
[WhiteElo "1608"]
[BlackElo "1654"]
[PlyCount "33"]
[EventDate "2015.12.24"]
[EventType "tourn (corr)"]
[EventRounds "6"]
[EventCountry "GER"]
[SourceTitle "Corr 2022"]
[Source "ChessBase"]
[SourceDate "2021.10.24"]
[SourceVersion "1"]
[SourceVersionDate "2021.10.24"]
[SourceQuality "1"]

1. e4 e6 2. d4 d5 3. exd5 exd5 4. c4 Nf6 5. Nc3 Bb4 6. Nf3 0-0 7. Bd3 Re8+ 8. Be3 Ng4 9. 0-0 Bxc3 10. bxc3 Nxe3 11. fxe3 c6 12. Ne5 Be6 13. Bxh7+ Kxh7 14. Qh5+ Kg8 15. Nxf7 Bxf7 16. Qxf7+ Kh8 17. Rf5 1-0

[Event "OP-2015-0-03879"]
[Site "LSS email"]
[Date "2015.11.25"]
[Round "?"]
[White "Firnhaber, Ingo"]
[Black "Bascetta, Biagio"]
[Result "1-0"]
[WhiteElo "2424"]
[BlackElo "1855"]
[PlyCount "69"]
[EventDate "2015.11.20"]
[EventType "tourn (corr)"]
[EventRounds "4"]
[EventCountry "GER"]
[SourceTitle "Corr 2022"]
[Source "ChessBase"]
[SourceDate "2021.10.24"]
[SourceVersion "1"]
[SourceVersionDate "2021.10.24"]
[SourceQuality "1"]

1. e4 e5 2. Nf3 Nc6 3. Bb5 Nf6 4. 0-0 Nxe4 5. d4 Nd6 6. Bxc6 dxc6 7. dxe5 Nf5 8. Qxd8+ Kxd8 9. h3 h6 10. Rd1+ Ke8 11. Nc3 Ne7 12. b3 Bf5 13. Nd4 Bh7 14. Bb2 Rd8 15. Nce2 Ng6 16. f4 Nh4 17. Kf2 Be4 18. g4 Bc5 19. Ng3 Bxc2 20. Rd2 Bh7 21. Nh5 Bg6 22. Nxg7+ Kf8 23. Kg3 Kxg7 24. Kxh4 Be7+ 25. Kg3 c5 26. Nf5+ Bxf5 27. Rxd8 Rxd8 28. gxf5 Rd3+ 29. Kg4 f6 30. Rg1 c4 31. bxc4 Rd2 32. Kh5+ Kf8 33. Bc3 Rd3 34. Ba1 Ra3 35. e6 1-0

[Event "SC-2014-0-00240"]
[Site "LSS email"]
[Date "2014.09.23"]
[Round "?"]
[White "Bascetta, Biagio"]
[Black "Moreira, Carlos"]
[Result "0-1"]
[WhiteElo "1871"]
[BlackElo "1753"]
[PlyCount "24"]
[EventDate "2014.08.20"]
[EventType "tourn (corr)"]
[EventRounds "6"]
[EventCountry "GER"]
[SourceTitle "Corr 2022"]
[Source "ChessBase"]
[SourceDate "2021.10.24"]
[SourceVersion "1"]
[SourceVersionDate "2021.10.24"]
[SourceQuality "1"]

1. d4 d5 2. c4 c6 3. cxd5 cxd5 4. Nc3 Nf6 5. Nf3 Nc6 6. Bf4 a6 7. e3 Bg4 8. h3 Bxf3 9. Qxf3 e6 10. Bd3 Bd6 11. 0-0 Bxf4 12. Qxf4 Rc8 0-1

[Event "SC-2014-0-00237"]
[Site "LSS email"]
[Date "2014.08.25"]
[Round "?"]
[White "Kerecsenyi, Zoltan"]
[Black "Bascetta, Biagio"]
[Result "1-0"]
[WhiteElo "1709"]
[BlackElo "1879"]
[PlyCount "41"]
[EventDate "2014.07.26"]
[EventType "tourn (corr)"]
[EventRounds "6"]
[EventCountry "GER"]
[SourceTitle "Corr 2022"]
[Source "ChessBase"]
[SourceDate "2021.10.24"]
[SourceVersion "1"]
[SourceVersionDate "2021.10.24"]
[SourceQuality "1"]

1. Nf3 Nf6 2. c4 b6 3. d4 e6 4. a3 Bb7 5. Nc3 d6 6. e3 Be7 7. Be2 Nbd7 8. 0-0 0-0 9. b4 c5 10. Bb2 Rc8 11. d5 exd5 12. cxd5 a6 13. b5 a5 14. e4 Ne8 15. Nd2 Bf6 16. Nc4 Ne5 17. Ne3 Ng6 18. g3 Be5 19. Bg4 Rc7 20. Na4 Bxb2 21. Nxb2 1-0

[Event "SC-2014-0-00237"]
[Site "LSS email"]
[Date "2014.08.22"]
[Round "?"]
[White "Bascetta, Biagio"]
[Black "Krabbenbos, Jan"]
[Result "0-1"]
[WhiteElo "1879"]
[BlackElo "1837"]
[PlyCount "56"]
[EventDate "2014.07.26"]
[EventType "tourn (corr)"]
[EventRounds "6"]
[EventCountry "GER"]
[SourceTitle "Corr 2022"]
[Source "ChessBase"]
[SourceDate "2021.10.24"]
[SourceVersion "1"]
[SourceVersionDate "2021.10.24"]
[SourceQuality "1"]

1. e4 c6 2. d4 d5 3. e5 Bf5 4. c4 e6 5. Nc3 Ne7 6. Nf3 Nd7 7. Qb3 Qc7 8. cxd5 exd5 9. Nh4 Be6 10. f4 g5 11. fxg5 Nxe5 12. dxe5 d4 13. Bc4 dxc3 14. Bxe6 Qxe5+ 15. Kf2 fxe6 16. Nf3 Qf5 17. Qxc3 Rg8 18. Re1 Nd5 19. Qe5 Bc5+ 20. Kf1 Kd7 21. Bd2 Rae8 22. Rac1 Bb6 23. Rc4 Qf8 24. a4 a6 25. Qe2 Kc8 26. Re4 a5 27. Rxe6 Rxe6 28. Qxe6+ Kb8 0-1

[Event "SC-2014-0-00237"]
[Site "LSS email"]
[Date "2014.08.22"]
[Round "?"]
[White "Habes, Jiri"]
[Black "Bascetta, Biagio"]
[Result "1-0"]
[WhiteElo "1797"]
[BlackElo "1879"]
[PlyCount "85"]
[EventDate "2014.07.26"]
[EventType "tourn (corr)"]
[EventRounds "6"]
[EventCountry "GER"]
[SourceTitle "Corr 2022"]
[Source "ChessBase"]
[SourceDate "2021.10.24"]
[SourceVersion "1"]
[SourceVersionDate "2021.10.24"]
[SourceQuality "1"]

1. e4 Nf6 2. e5 Nd5 3. c4 Nb6 4. Nf3 d6 5. Nc3 Nc6 6. d4 g6 7. Be3 Bg7 8. c5 Nd7 9. Bc4 0-0 10. e6 fxe6 11. Bxe6+ Kh8 12. cxd6 exd6 13. Ng5 Nxd4 14. 0-0 c5 15. Nf7+ Rxf7 16. Bxf7 Ne5 17. Bd5 Bf5 18. Bxd4 cxd4 19. Ne4 Bxe4 20. Bxe4 d5 21. Bd3 Qb6 22. Rb1 Rf8 23. Qe2 a6 24. b3 Qd6 25. Rbe1 Kg8 26. Bb1 Rf4 27. Rc1 Qd7 28. f3 b5 29. Bd3 Rf8 30. f4 Ng4 31. f5 Ne3 32. fxg6 Rxf1+ 33. Rxf1 hxg6 34. Rc1 Ng4 35. g3 Bh6 36. Rf1 Be3+ 37. Kh1 Qe6 38. Qc2 b4 39. Qe2 Kg7 40. Kg2 a5 41. Bb1 Kh6 42. h4 Nf6 43. Qb5 1-0

[Event "SC-2014-0-00235"]
[Site "LSS email"]
[Date "2014.08.14"]
[Round "?"]
[White "Loktaev, Val"]
[Black "Bascetta, Biagio"]
[Result "1-0"]
[WhiteElo "1808"]
[BlackElo "1888"]
[PlyCount "23"]
[EventDate "2014.07.05"]
[EventType "tourn (corr)"]
[EventRounds "6"]
[EventCountry "GER"]
[SourceTitle "Corr 2022"]
[Source "ChessBase"]
[SourceDate "2021.10.24"]
[SourceVersion "1"]
[SourceVersionDate "2021.10.24"]
[SourceQuality "1"]

1. d4 Nf6 2. c4 e5 3. dxe5 Ng4 4. e4 Nxe5 5. f4 Nec6 6. Be3 Bb4+ 7. Nc3 Bxc3+ 8. bxc3 Qh4+ 9. g3 Qe7 10. Bd3 Na6 11. Nf3 Nc5 12. Qc2 1-0

[Event "SC-2014-0-00235"]
[Site "LSS email"]
[Date "2014.08.12"]
[Round "?"]
[White "Wisham, Clyde"]
[Black "Bascetta, Biagio"]
[Result "1-0"]
[WhiteElo "1861"]
[BlackElo "1888"]
[PlyCount "63"]
[EventDate "2014.07.05"]
[EventType "tourn (corr)"]
[EventRounds "6"]
[EventCountry "GER"]
[SourceTitle "Corr 2022"]
[Source "ChessBase"]
[SourceDate "2021.10.24"]
[SourceVersion "1"]
[SourceVersionDate "2021.10.24"]
[SourceQuality "1"]

1. d4 Nf6 2. c4 e6 3. g3 d5 4. Nf3 dxc4 5. Bg2 a6 6. 0-0 Nc6 7. Nc3 Rb8 8. e4 Be7 9. Qe2 b5 10. Rd1 Nb4 11. d5 exd5 12. e5 Ng4 13. h3 Nxf2 14. Qxf2 Nd3 15. Rxd3 cxd3 16. Ne1 d4 17. Ne4 c5 18. Nxd3 c4 19. Nf4 0-0 20. Nd5 d3 21. Bd2 Bb7 22. Ba5 Qe8 23. Qd4 Bxd5 24. Qxd5 Bd8 25. Bc3 Qe6 26. Nd6 Bc7 27. Bb4 Rbd8 28. Rf1 h5 29. h4 Bb6+ 30. Kh2 Ba7 31. Qe4 Bb8 32. Bh3 1-0

[Event "SC-2014-0-00230"]
[Site "LSS email"]
[Date "2014.07.02"]
[Round "?"]
[White "Bascetta, Biagio"]
[Black "Winbush, Jerome"]
[Result "0-1"]
[WhiteElo "1901"]
[BlackElo "1791"]
[PlyCount "46"]
[EventDate "2014.05.24"]
[EventType "tourn (corr)"]
[EventRounds "6"]
[EventCountry "GER"]
[SourceTitle "Corr 2022"]
[Source "ChessBase"]
[SourceDate "2021.10.24"]
[SourceVersion "1"]
[SourceVersionDate "2021.10.24"]
[SourceQuality "1"]

1. d4 d5 2. Bg5 f6 3. Bd2 Nc6 4. e3 e5 5. Bb5 Qd6 6. Bxc6+ bxc6 7. Ne2 Rb8 8. b3 Ne7 9. 0-0 Nf5 10. a3 Qe6 11. Bb4 Bd6 12. Nbc3 0-0 13. Re1 Nh4 14. Ng3 Qf7 15. Na4 Qg6 16. Nc5 Bf5 17. Rc1 Rfe8 18. Na6 Rb6 19. Nc5 exd4 20. Qxd4 Qh6 21. Kh1 Rbb8 22. c4 Bg6 23. f4 dxc4 0-1

[Event "SC-2014-0-00230"]
[Site "LSS email"]
[Date "2014.07.02"]
[Round "?"]
[White "Gorbatov, Valentin"]
[Black "Bascetta, Biagio"]
[Result "1-0"]
[WhiteElo "1892"]
[BlackElo "1901"]
[PlyCount "67"]
[EventDate "2014.05.24"]
[EventType "tourn (corr)"]
[EventRounds "6"]
[EventCountry "GER"]
[SourceTitle "Corr 2022"]
[Source "ChessBase"]
[SourceDate "2021.10.24"]
[SourceVersion "1"]
[SourceVersionDate "2021.10.24"]
[SourceQuality "1"]

1. d4 Nf6 2. c4 e6 3. Nc3 Bb4 4. Qc2 0-0 5. Nf3 c5 6. dxc5 Na6 7. g3 Nxc5 8. Bg2 Nce4 9. 0-0 Nxc3 10. bxc3 Be7 11. e4 d6 12. e5 dxe5 13. Nxe5 Qc7 14. Qe2 Bd6 15. Bf4 Ne8 16. c5 Qxc5 17. c4 Bxe5 18. Qxe5 Qxe5 19. Bxe5 f6 20. Bf4 g5 21. Be3 Ng7 22. Rad1 Nf5 23. Bc5 Rf7 24. Rd8+ Kg7 25. Rfd1 g4 26. Ba3 Rc7 27. Rf8 Rxc4 28. Rdd8 Nh6 29. Bb2 e5 30. Bd5 Rc7 31. Ba3 Kg6 32. Bb4 Rc1+ 33. Kg2 a5 34. Be7 1-0

[Event "SC-2014-0-00230"]
[Site "LSS email"]
[Date "2014.07.02"]
[Round "?"]
[White "Van Rooijen, Peter"]
[Black "Bascetta, Biagio"]
[Result "1-0"]
[WhiteElo "1718"]
[BlackElo "1901"]
[PlyCount "71"]
[EventDate "2014.05.24"]
[EventType "tourn (corr)"]
[EventRounds "6"]
[EventCountry "GER"]
[SourceTitle "Corr 2022"]
[Source "ChessBase"]
[SourceDate "2021.10.24"]
[SourceVersion "1"]
[SourceVersionDate "2021.10.24"]
[SourceQuality "1"]

1. b4 e5 2. Bb2 Bxb4 3. f4 d6 4. a3 Bc5 5. fxe5 dxe5 6. Bxe5 Nf6 7. e3 Nc6 8. Bb2 Bg4 9. Be2 h5 10. Nf3 Qe7 11. 0-0 0-0-0 12. Qe1 Ne4 13. h3 Bxh3 14. d3 Bxe3+ 15. Kh1 Bxg2+ 16. Kxg2 Nd6 17. Qg3 Qe6 18. Qh3 f5 19. Re1 g5 20. Bxh8 Rxh8 21. Nfd2 Bf4 22. Nb3 Be5 23. Qe3 g4 24. N1d2 f4 25. Qf2 Bxa1 26. Rxa1 g3 27. Qf3 h4 28. d4 h3+ 29. Kh1 Qf6 30. c3 Rg8 31. Rg1 a6 32. a4 a5 33. Bd1 Qh4 34. Nc5 Nf5 35. Nd3 h2 36. Rg2 1-0

[Event "SC-2014-0-00218"]
[Site "LSS email"]
[Date "2014.03.09"]
[Round "?"]
[White "Hillebrand, Carsten"]
[Black "Bascetta, Biagio"]
[Result "1-0"]
[WhiteElo "1727"]
[BlackElo "1898"]
[PlyCount "81"]
[EventDate "2014.02.02"]
[EventType "tourn (corr)"]
[EventRounds "6"]
[EventCountry "GER"]
[SourceTitle "Corr 2022"]
[Source "ChessBase"]
[SourceDate "2021.10.24"]
[SourceVersion "1"]
[SourceVersionDate "2021.10.24"]
[SourceQuality "1"]

1. c4 Nf6 2. g3 e5 3. Bg2 c6 4. d4 exd4 5. Qxd4 d5 6. Nf3 Be7 7. cxd5 cxd5 8. 0-0 Nc6 9. Qa4 0-0 10. Nc3 Be6 11. Be3 Qd7 12. Rfd1 h6 13. Rac1 Rfd8 14. Nd4 Nxd4 15. Bxd4 Qxa4 16. Nxa4 Ne4 17. Nc3 Nxc3 18. Rxc3 Rac8 19. Rxc8 Rxc8 20. Bxa7 Ra8 21. Bd4 Rxa2 22. Bc3 Bf6 23. Bxd5 Bxd5 24. Rxd5 Bxc3 25. Rd8+ Kh7 26. bxc3 Rxe2 27. Rd7 Kg6 28. Rxb7 Rc2 29. Rc7 Kf6 30. Kg2 g5 31. h3 h5 32. h4 gxh4 33. gxh4 Kg6 34. Kf3 Rc1 35. Rc4 Rh1 36. Ke3 Kf5 37. Rf4+ Ke6 38. Rd4 Ke5 39. Re4+ Kd6 40. Rd4+ Ke5 41. Re4+ 1-0